00572 2200193 4500001002100000005001500021035002000036008004100056041000700097082001500104090002100119245007500140260004600215300002900261650001800290084002100308100003800329990001100367INLIS00000000000343920260425034013 a0010-0521003439260425 g | ind  aid a908(921.1) a908(921.1)/IND/r1 aRepublik Indonesia : Propinsi Sumatera Utara /cKementerian Penerangan aDjakarta :bKementerian Penerangan,c1953 a759 p. :bill. ;c25 cm. 4aNORTH SUMATRA a908(921.1) IND r0 aINDONESIA. Kementerian Penerangan a282/56